El color en las artes / (Registro nro. 5739)

Detalles MARC
000 -LEADER
longitud fija campo de control 00672Cam#a22002775a#4500
003 - IDENTIFICADOR DE NUMERO DE CONTROL
control del campo AR-RoUNA
005 - FECHA DE LA ULTIMA MODIFICACION
control del campo 20190731122700.0
008 - CAMPO DE CONTROL - LIBROS
longitud fija campo de control 140415s1989||||sp|||||| |||| 0|spa d
020 ## - INTERNATIONAL STANDARD BOOK NUMBER
ISBN 8470950045
040 ## - ORIGEN DE LA CATALOGACION
Agencia que cataloga la obra original AR-RoUNA
Idioma en que se cataloga spa
041 0# - CODIGO DE IDIOMA
Codigo de idioma del texto / sonido o titulo separado spa
080 ## - CDU
Numero de clasificacion 7.017
092 ## - SIGNATURA TOPOGRAFICA
Seccion Sala
Numero de clasificacion 7.017
Libristica H426
100 1# - ASIENTO PRINCIPAL - NOMBRE PERSONAL
Nombre personal Hayten, Peter J..
9 (RLIN) 22983
245 13 - TITULO PROPIAMENTE DICHO
Titulo El color en las artes /
Mencion de responsabilidad, etc Peter J. Hayten.
250 ## - MENCION DE EDICION
Edicion declarada
260 ## - EDITORIAL - PUBLICACION, DISTRIBUCION, ETC. (Pie de imprenta)
Lugar de publicacion, distribucion, etc España :
Nombre del editor, distribuidor, etc LEDA,
Fecha de publicacion 1989.
300 ## - DESCRIPCION FISICA
Extension 96 p. :
Otros detalles fisicos il.,
Dimensiones 22 cm.
490 0# - MENCION DE SERIE
Titulo de la serie Color en todo
650 #4 - MATERIA - TERMINO TEMATICO
Término temático general Color
650 #4 - MATERIA - TERMINO TEMATICO
Término temático general Arte
908 ## - SOPORTE
Soporte
930 ## - ACCESION
Numero de accesion (NR) 10381
942 ## - FUENTE DE CLASIFICACION
Clasificacion
Tipo de item Libro
945 ## - INFORMACION DE PROCESAMIENTO
Codigo del operador MTC
Existencias
Estado retiro Estado perdido Sistema de clasificacion Estado general Biblioteca de origen Ubicacion actual Localizacion en estante Fecha de adquisicion Fuente de adquisicion Precio normal de compra Enumeración cronológicar: Prestamos totales Signatura y librística Proveedor Numero de ejemplar Tipo de elemento KOHA
Disponible Disponible udc No dañado Arq. Hilarión H. Larguia Arq. Hilarión H. Larguia Sala 29/05/2014 Don 130.00 Exp. UNR 70945/202 1 7.017 H426 14732 ej. 1 Libro